000 00737nam a2200217Ia 4500
001 12863
003 GE_BSU
008 181216s||||||||xx |||||||||||||| ||und||
040 _cGE_BSU
080 _a631.4(47)
245 _aАгрохимическая характеристика почв СССР
245 _bПочвенно-агрохимическое районирование
245 _cОтв.ред.А.В.Соколов
260 _aМосква
260 _bНаука
260 _c1976
300 _a362стр.27см.
653 _aАгрохимическая характеристика почв СССР
653 _aПочвенно-агрохимическое районирование
942 _cBK
999 _c46033
_d46033